Eurofondy 2007 - 2013
Z obsahu: Kam potečú eurofondy. Pre koho a koľko. Do zdravotníctva pôjde viac peňazí - a nielen na budovy. Znalostná ekonomika. Veda a výskum sa dostanú z vedľajšej koľaje. Únia prispeje na obnovu panelákov. Revitalizácia celých obytných zón.
Na minha lista:
| Autor principal: | |
|---|---|
| Outros Autores: | , |
| Formato: | Capítulo de Livro |
| Idioma: | eslovaco |
| Assuntos: | |
| Tags: |
Sem tags, seja o primeiro a adicionar uma tag!
|
MARC
| LEADER | 00000naa$a2200000$$$4500 | ||
|---|---|---|---|
| 001 | 0040160 | ||
| 005 | 20231009082759.5 | ||
| 041 | 0 | |a slo | |
| 044 | |a SK | ||
| 245 | 1 | 0 | |a Eurofondy 2007 - 2013 |c Peter Marčan, Zuzana Horníková, Miro Sedlák |
| 520 | |a Z obsahu: Kam potečú eurofondy. Pre koho a koľko. Do zdravotníctva pôjde viac peňazí - a nielen na budovy. Znalostná ekonomika. Veda a výskum sa dostanú z vedľajšej koľaje. Únia prispeje na obnovu panelákov. Revitalizácia celých obytných zón. | ||
| 610 | 2 | 0 | |a fondy finančné |
| 610 | 2 | 0 | |a Európska únia |
| 610 | 2 | 0 | |a pomoc finančná |
| 610 | 2 | 0 | |a doprava |
| 610 | 2 | 0 | |a zdravotníctvo |
| 610 | 2 | 0 | |a veda |
| 610 | 2 | 0 | |a výskum |
| 610 | 2 | 0 | |a bývanie |
| 610 | 2 | 0 | |a 2007-2013 |
| 100 | 1 | |a Marčan, Peter | |
| 700 | 1 | |a Horníková, Zuzana | |
| 700 | 1 | |a Sedlák, Miro | |